Network system architecture
Đã lưu trong:
| Tác giả chính: | |
|---|---|
| Định dạng: | Sách |
| Ngôn ngữ: | Tiếng Anh |
| Được phát hành: |
Reading
Addison-Wesley
1990
|
| Những chủ đề: | |
| Các nhãn: |
Thêm thẻ
Không có thẻ, Là người đầu tiên thẻ bản ghi này!
|
MARC
| LEADER | 00000nam a2200000 a 4500 | ||
|---|---|---|---|
| 001 | UCV5644 | ||
| 003 | CL-VaPUC | ||
| 008 | 930428e19900000US |||||||||||||||||eng|d | ||
| 082 | 0 | 4 | |a 651.7 |b WAL |2 21 |
| 100 | 0 | |a Walford, Robert B |e author |9 299930 | |
| 245 | 1 | 0 | |a Network system architecture |
| 300 | |a 384 p | ||
| 942 | |c BK | ||
| 945 | |d 19930428 00:00:00 | ||
| 260 | |a Reading |b Addison-Wesley |c 1990 | ||
| 650 | 0 | |a Negocios |9 262468 | |
| 650 | 0 | |a Sistemas de comunicación |9 260934 | |
| 650 | 0 | |a Diseño de sistemas |9 262363 | |
| 650 | 0 | |a Redes de información |9 230208 | |
| 650 | 0 | |a Telecomunicaciones |9 257195 | |
| 583 | |a last modification |c 19930428 00:00:00 |k Rodrigo Vera | ||
| 999 | |c 212073 |d 212071 | ||
| 952 | |0 0 |1 0 |4 0 |6 651_700000000000000_WAL_1990 |7 0 |8 A |9 192448 |a BIBING |b BIBING |d 2019-11-14 |i 2599317 |o 651.7 WAL 1990 |p 2599317 |r 2025-01-20 |w 2019-11-14 |y BK |k CCI | ||